| 000 | 00458nam a22001697a 4500 | ||
|---|---|---|---|
| 999 |
_c524062 _d524062 |
||
| 003 | NUST | ||
| 038 | _awaseem | ||
| 082 |
_a891.423 _bKHA |
||
| 100 |
_aKhalid Faryal Dahariwal _914885 |
||
| 245 |
_aWatandra / _cKhalid Faryal Dhariwal |
||
| 260 |
_aLahore : _bSujeet Kitab Ghar, _c2007. |
||
| 300 | _a100 p. ; | ||
| 500 | _aHardcover. | ||
| 880 |
_6100-02\r _aخالد فرھاد دھاریوال |
||
| 880 |
_6245-02\r _aوٹاندرا / |
||
| 942 |
_2ddc _cBK |
||